| 000 | 00632nam a2200181Ia 4500 | ||
|---|---|---|---|
| 003 | IN-BaIIA | ||
| 008 | 211028s9999 xx 000 0 eng d | ||
| 040 | _cIIA Library | ||
| 080 |
_a954(058) _bHOR-II |
||
| 100 |
_aHorsburgh, James _9566 |
||
| 245 | 4 |
_aThe India directory, or directions for sailing to and from the East Indies, China, Australia, and the Interjacent Ports of Africa and South America _bvol. II _cJames Horsburgh |
|
| 250 | _a5th ed. | ||
| 260 |
_aLondon _bW. H. Allen _c1843 |
||
| 300 | _a815p. | ||
| 650 |
_aDirectory _9567 |
||
| 650 |
_aIndian directory _9568 |
||
| 942 | _cBK | ||
| 999 |
_c290 _d290 |
||